00413nam a2200157Ia 4500003000400000005001700004008004000021040000700061041001200068082001700080100002100097245005200118260003800170300001300208520003400221OSt20250402143340.0210210b2006 xxu||||| |||| 00| 0 eng d cAL aEnglish a823.914 WAUF aWAUDO (Douglas). aFar from home: confessions of a foreign student aMangalorebJ J Publicationsc2006 aviii,316 aalumni of St Aloysius College